Mammals Sudden Death - Statistics

General Stats
  • This quiz has been taken 90 times
  • The average score is 10 of 14
Answers on the Grid
Answers color-coded by a green-red scale on the quiz's grid according to % correct below.
dog
cat
snake
rat
mouse
orangutan
cockatoo
rolly poly
(pill bug)
whale shark
sperm whale
mole
bonobo
snail
dolphin
lobster
platypus
raven
hare
panther
lionfish
eagle
seal
raccoon
hawk
 
Answer Stats
Answer % Correct
dog
94%
cat
92%
rat
86%
orangutan
84%
mouse
81%
raccoon
73%
sperm whale
73%
dolphin
70%
panther
70%
mole
68%
seal
68%
hare
67%
platypus
63%
bonobo
60%
No matching quizzes found
Score Distribution
Percent of People with Each Score
Percentile by Number Answered
Your Score History
You have not taken this quiz